Представление документа в формате MARC21

Поле Инд. ПП Название Значение
Тип записи a
Библиографический уровень m
001 Контрольный номер 6ee18118-8c8d-4239-a3b9-2cc37fec1269
005 Дата корректировки 20140703144810.9
008 Кодируемые данные 060513
020 c Цена, тираж б/ц
040 a Служба первич. каталог. НБ ТвГУ
041 a Код языка текста rus
080 a Индекс УДК 1(470)(091)"18"(043.3)
a Индекс УДК 929Достоевский
a Индекс УДК 929Соловьев
084 a Индекс другой классификации/Индекс ББК Ю3(2)51я031
090 x Авторский знак М22
a Полочн. индекс Ю3(2)51
100 1_ a Автор Мамина Елена Карловна
245 10 a Заглавие Проблема смысла войны в философии Ф. М. Достоевского и В. С. Соловьева
b Продолж. заглавия автореф. дис. ... канд. филос. наук : 09.00.03
c Ответственность М-во образования и науки Рос. Федерации, Акад. повышения квалификации и проф. переподгот. работников образования, Каф. истории и философии образования и науки
260 1_ a Место издания Москва
c Дата издания 2006
300 a Объем 21 с.
500 a Примечание На правах рукоп.
504 a Библиография Библиогр. в конце кн.
583 a Действие Получение впервые 229 14.06.2006
650 a Основная рубрика Философия
x Основная подрубрика История
y Хронологическая подрубрика 19 в.
z Географическая подрубрика Россия
650 a Основная рубрика Русская философия
650 a Основная рубрика Достоевский, Федор Михайлович, о нем
650 a Основная рубрика Соловьев, Владимир Сергеевич, о нем
653 a Ключевые слова Достоевский
a Ключевые слова Соловьев
a Ключевые слова Русская философия
a Ключевые слова Война
a Ключевые слова Смысл войны
a Ключевые слова Авторефераты
a Ключевые слова Персоналии
852 t Порядковый номер экземпляра 2
p Инвентарный номер б/н
888 a Бесплатные
930 a Новая/Ретро авторефераты
a Новая/Ретро персоналии
952 p 229.2006 б/ц 2 б/н
c Вид литературы А/Р н
954 a Дата поступления на обработку 20060811
999 a Подразделение 2 ч.з.